Η νέα ερωτική αναρχία
Αποθηκεύτηκε σε:
| Κύριος συγγραφέας: | |
|---|---|
| Άλλοι συγγραφείς: | , |
| Μορφή: | Βιβλίο |
| Γλώσσα: | Greek French |
| Δημοσίευση: |
[Αθήνα] :
Αστάρτη,
[c 1988].
|
| Θέματα: | |
| Ετικέτες: |
Προσθήκη ετικέτας
Δεν υπάρχουν, Καταχωρήστε ετικέτα πρώτοι!
|
MARC
| LEADER | 00000cam a2200000 i 4500 | ||
|---|---|---|---|
| 001 | 1/90004 | ||
| 008 | 960925q1988 gr | ||| |||| ||gre|| | ||
| 035 | |a 1990 |b 1 |c Ναζίρη |l 10035888 | ||
| 040 | |a GR-MyUA |b gre |e AACR2 | ||
| 041 | 1 | |a gre |h fre | |
| 082 | 0 | |a 306.7 |2 (22) | |
| 100 | 1 | |a Bruckner, Pascal. | |
| 245 | 1 | 2 | |a Η νέα ερωτική αναρχία / |c Πασκάλ Μπρύκνερ, Αλεν Φινκέρλο ; μετάφραση Μαρίνα Λώμη. |
| 260 | |a [Αθήνα] : |b Αστάρτη, |c [c 1988]. | ||
| 300 | |a 371 σ. ; |c 21 εκ. | ||
| 500 | |a Τίτλος πρωτοτύπου: La nouveau desordre amoureux. | ||
| 650 | 0 | 0 | |a Man-woman relationships. |
| 650 | 0 | 0 | |a Sex customs. |
| 650 | 0 | 0 | |a Sex. |
| 700 | 1 | |a Finkielkraut, Alain. | |
| 700 | 1 | |a Λώμη, Μαρίνα, |e trlf | |
| 852 | |a INST |b RHODES |e 19960925 |h 306.7 BRU |p 005400008465 |q 005400008465 |t BK |y 0 | ||
| 852 | |a INST |b SAMOS |e 20140304 |h 306.7 BRU |p 005300036492 |q 005300036492 |t BK |y 0 | ||
| 901 | |a BIBL3-2014-1 | ||
| 909 | |a Σ |b 184668 | ||
| 909 | |a Ρ |b 015810 | ||
| 970 | |z 2014/03/04 | ||
| 970 | |z 2000/06/ΚΑΤΕΡΙΝΑ | ||